• 首页
  • 本馆介绍
  • 公告通知
  • 最新文献
  • 馆藏检索
  • 电子资源
  • 读者导购
  • 参考咨询
  • 我的图书馆
  • 登录
  • 详细信息显示
  • 放入我的书架
  • 预约/预借图书
  • 作者相关作品
  • 分类相关作品
  • 丛书相关作品
  • 出版社相关作品

书目信息

  • 表格格式
  • 工作单格式
  • 卡片格式
题名:
笠原将弘的日式米饭料理
    
 
作者: 笠原将弘 著 ;费腾 译
分册:  
出版信息: 北京   化学工业出版社  2016.08
页数: 107页
开本: 26cm
丛书名:
单 册:
中图分类: TS972.183.13
科图分类:
主题词: 稻米制食品--dao mi zhi shi pin--食谱--日本
电子资源:
ISBN: 978-7-122-27523-3
000 00953nam0 2200253 450
001 0106081914
005 20201106082047.0
010    @a978-7-122-27523-3@dCNY49.80
100    @a20181129e20202016em y0chiy50 ea
101 1  @achi@cjpn
102    @aCN@b110000
105    @aa z 000yy
106    @ar
200 1  @a笠原将弘的日式米饭料理@Ali yuan jiang hong de ri shi mi fan liao li@f(日)笠原将弘著@g费腾译
210    @a北京@c化学工业出版社@d2016.08@h2020.02
215    @a107页@c彩图@d26cm
305    @aShufunotomo Co., Ltd. 授权出版
330    @a本书介绍了亲子盖饭与天妇罗盖饭、猪排盖饭、中华盖饭、照烧鸡盖饭、土豆炖肉盖饭、烤鸡肉盖饭等等常见盖饭的美味技巧。也介绍了盖饭不可或缺的汤品和腌菜的食谱。
606 0  @a稻米制食品@Adao mi zhi shi pin@x食谱@y日本
690    @aTS972.183.13@v5
701  0 @c(日)@a笠原将弘@Ali yuan jiang hong@4著
702  0 @a费腾@Afei teng@4译
801  0 @aCN@bBJSZM@c20201106
905    @b1194420-3@dTS972.183.13@e601@f4
    
    笠原将弘的日式米饭料理/(日)笠原将弘著/费腾译.-北京:化学工业出版社,2016.08(2020.02)
    107页:彩图;26cm
    
    
    ISBN 978-7-122-27523-3:CNY49.80
    本书介绍了亲子盖饭与天妇罗盖饭、猪排盖饭、中华盖饭、照烧鸡盖饭、土豆炖肉盖饭、烤鸡肉盖饭等等常见盖饭的美味技巧。也介绍了盖饭不可或缺的汤品和腌菜的食谱。
●
相关链接 在E读中查询图书 在五车中查询图书 在当当中查询图书 在豆瓣中查询图书


正题名:笠原将弘的日式米饭料理     索取号:TS972.183.13/601         预约/预借

序号 登录号 条形码 馆藏地/架位号 状态 备注
1 1194420   211944208   第二样本阅览室/ [索取号:TS972.183.13/601] 在馆    
2 1194421   211944217   第三借阅区/ [索取号:TS972.183.13/601] 在馆    
3 1194422   211944226   第三借阅区/ [索取号:TS972.183.13/601] 在馆    
4 1194423   211944235   第三借阅区/ [索取号:TS972.183.13/601] 在馆    
唐山师范学院图书馆 欢迎您!
大连网信软件有限公司© 版权所有